| 000 | 01047nam a2200241Ia 4500 | ||
|---|---|---|---|
| 003 | Ost | ||
| 005 | 20260507075225.0 | ||
| 008 | 260507s9999||||xx |||||||||||||| ||und|| | ||
| 040 | _cfsecg | ||
| 041 | _aara | ||
| 082 | _a330 | ||
| 100 |
_aالعلاق، بشير _eمؤلف |
||
| 245 | 0 |
_aالعلاقات العامة في الأزمات / _c بشير العلاق |
|
| 260 |
_aعمان: _bدار اليازوري, _c2009 |
||
| 300 |
_a172 صفحة؛ _bإيضاحات ؛ _c24 سم |
||
| 504 | _aمراجع ص.165 | ||
| 520 | _aتعريف العلاقات العامة ، مبادئها ، سماتها ، أهدافها ، وظائفها و أسبابها ، مفهوم الأزمة و تداعياتها ، إدارة الازمات ، دور جهاز العلاقات العامة في دجال التخطيط للأزمات مع وجود أسئلة للمناقشة . | ||
| 653 | _aإدارة الازمات | ||
| 653 | _aالاتصال | ||
| 653 | _aالأزمات | ||
| 653 | _aالعلاقات العامة | ||
| 942 | _cكتاب | ||
| 999 |
_c43537 _d43537 |
||